1797 1555 1696 1127 1492 1091 1112 1769 1306 1166 1769 1302 1725 1073 1961 1530 1267 1658 1814 1038 1820 1571 1419 1539 1021 1084 1580 1494 1591 1678 1491 1308 1293 1722 1752 1413 1890 1504 1324 1033 1749 1137 1505 1634 1197 1648 1519 1446 1923 1920 1928 1246 1317 1126 1795 1988 1277 1873 1755 1879 1818 1640 1483 1149 1253 1079 1402 1999 1076 1360 1284 1415 1471 1345 1794 1177 1751 1948 1903 1638 1166 1337 1043 1287 1461 1991 1995 1307 1693 1691 1876 1097 1685 1860 1141 1744 1215 1876 1418 BCNSPRNW ULIB Ver.6.0+V

เปลี่ยนเป็นภาษาไทย

Change to English
 แสดงรายละเอียดบรรณานุกรม
  กลับหน้าหลัก

Brief Record : Get Marc (ISO 2709) : E-mail record : QR code < ปิดหน้าต่าง
LEADER : 00000nam 2200000uu 4500
001    13399124214
003     ULIB
008    150127s2554||||th 000 0 tha d
020    ^a9789740720478
060  4 ^aQS4^bร399ข
100 1  ^aวอล์คเกอร์, ริชาร์ด
245 10 ^aร่างกายของมนุษย์ กล้ามเนื้อ :^bเราเคลื่อนไหวและออกกำลังกายอย่างไร /^cริชาร์ด วอล์คเกอร์ แปลโดย เยาวนันท์ เชฏฐรัตน์
246 0  ^aกล้ามเนื้อ เราเคลื่อนไหวและออกกำลังกายอย่างไร
250    ^aพิมพ์ครั้งที่ 1
260    ^aกรุงเทพฯ :^bไทยวัฒนาพานิช,^c2554.
440  0 ^aร่างกายของมนุษย์
650  7 ^aกายวิภาคศาสตร์
650  7 ^aสรีรวิทยามนุษย์
650  7 ^aกล้ามเนื้อ,^xการเคลื่อนไหว
700 0  ^aแฟรงคิน วัตต์ส
945    ^p330^l0^i22790
945    ^p330^l0^i22791
945    ^p330^l0^i22792
945    ^p330^l0^i22793
945    ^p330^l0^i22794
999    ^aทศพร เกษรทอง
รายการนี้ยังไม่มีแท็ก
คุณยังไม่ได้ล็อกอิน คุณสามารถมีกิจกรรมร่วมกับเว็บไซต์ได้ แต่ต้องล็อกอินก่อน ::
  ล็อกอิน

รายการสื่อสารสนเทศ

ลำดับที่ ประเภท เลขเรียก/บาร์โค้ด สถานที่ สถานะ
1. วิทยาศาสตร์การแพทย์ และสุขภาพ
วิทยาศาสตร์การแพทย์ และสุขภาพ
สถานะ=หนังสือเก่า
QS4 ร399ข ฉ.1 
  Barcode: 22790
ห้องสมุดวิทยาเขตนครสวรรค์
►ส่วนจัดเก็บหนังสือเก่า นว.
บนชั้น
  ขอยืม
2. วิทยาศาสตร์การแพทย์ และสุขภาพ
วิทยาศาสตร์การแพทย์ และสุขภาพ
สถานะ=หนังสือเก่า
QS4 ร399ข ฉ.2 
  Barcode: 22791
ห้องสมุดวิทยาเขตนครสวรรค์
►ส่วนจัดเก็บหนังสือเก่า นว.
บนชั้น
  ขอยืม
3. วิทยาศาสตร์การแพทย์ และสุขภาพ
วิทยาศาสตร์การแพทย์ และสุขภาพ
สถานะ=หนังสือเก่า
QS4 ร399ข ฉ.3 
  Barcode: 22792
ห้องสมุดวิทยาเขตนครสวรรค์
►ส่วนจัดเก็บหนังสือเก่า นว.
บนชั้น
  ขอยืม
4. วิทยาศาสตร์การแพทย์ และสุขภาพ
วิทยาศาสตร์การแพทย์ และสุขภาพ
สถานะ=หนังสือเก่า
QS4 ร399ข ฉ.4 
  Barcode: 22793
ห้องสมุดวิทยาเขตนครสวรรค์
►ส่วนจัดเก็บหนังสือเก่า นว.
บนชั้น
  ขอยืม
5. วิทยาศาสตร์การแพทย์ และสุขภาพ
วิทยาศาสตร์การแพทย์ และสุขภาพ
สถานะ=หนังสือเก่า
QS4 ร399ข ฉ.5 
  Barcode: 22794
ห้องสมุดวิทยาเขตนครสวรรค์
►ส่วนจัดเก็บหนังสือเก่า นว.
บนชั้น
  ขอยืม

รายการใกล้เคียง
    ผู้แต่ง [วอล์คเกอร์, ริชาร์ด]

    หัวเรื่อง [กายวิภาคศาสตร์]
    หัวเรื่อง [สรีรวิทยามนุษย์]

BibComment


ยังไม่เคยถูกคอมเมนท์

คอมเมนท์ทรัพยากรรายการนี้
  คอมเมนท์: ร่างกายของมนุษย์..


 Copyright 2026. Bcnsprnw @Library